000 00372nam a2200157Ia 4500
005 20250311032500.0
008 240331s9999 xx 000 0 und d
020 _a
082 _bCHA
_a894
100 _aChandrasegaran, S
245 0 _aIranthakalamum ethirkalamum
260 _aChennai
_bSaralam
_c2004
300 _a160 p .,
650 _aTamaliyal Katurai
942 _cL
999 _c3846
_d3846